000 00338nam a2200133Ia 4500
008 100328s9999 xx 000 0 und d
082 _b16220
100 _aFox H. Munro
245 _aThe Powonality of Animals
260 _bPenguin Books
630 _aThe Powonality of Animals
730 _aThe Powonality of Animals
942 _cBOOK
999 _c510927
_d510924